000 004880000a22001810004500
003 LK-CoMWRAF
008 230817t ||||| |||| 00| 0 eng d
020 _a009959501X
040 _aLK-CoMWRAF
_dLK-CoMWRAF
_eLK-CoMWRAF
041 _aeng
082 _a150
_bSAI
100 _aSaid, Edward W.
245 _aCovering Islam
_bhow the media and the experts determine how we see the rest of the wor
260 _aLondon
_bVintage
_c1997
300 _ap.200
650 _aIslam
942 _cBK
999 _c2950
_d2950